Primeira Guerra Mundial - Statistics

Estatísticas Gerais
  • Esse quiz foi jogado 466 vezes
  • A pontuação média é 11 de 15
Estatísticas das Respostas
Hint Resposta % Correto
Em que ano começou a guerra? 1914
96%
Em que ano acabou a guerra? 1918
96%
O tratado de Versalhes foi imposto a qual país no fim da primeira Guerra?? Alemanha
96%
O Tratado de Versalhes foi um documento elaborado na Conferência de Paz de Paris e determinou as imposições dos países vencedores da Primeira Guerra Mundial contra os alemães, os derrotados. Quais dos países abaixo NÃO ENVIOU delegações para essa conferência? Alemanha
96%
Qual país rompeu com a Alemanha e se aliou a tríplice Entente? Itália
96%
Qual país fazia parte da Tríplice Aliança, mas se recusou a participar da guerra por esse grupo quando o conflito se iniciou em 1914? Itália
96%
De qual tríplice fizeram parte os seguintes países: França,Reino Unido e Rússia? Entente
90%
De qual tríplice fizeram parte os seguintes países: Alemanha,Império Austro-húngaro e Itália? Aliança
87%
Que país entrou na guerra em 1917 e, com enorme poderio bélico, teve papel decisivo na vitória da Tríplice Entente? Estados Unidos
84%
Em quantas fases podem ser divididas a Primeira Guerra Mundial? 3
79%
Que organização foi criada em 1920 e instituída pelo Tratado de Versalhes, que tinha como propósito defender adiplomacia e a paz entre os países, a fim de se evitar novos conflitos armados? Liga das Nações
51%
O genocídio armênio foi promovido durante os anos da Primeira Guerra Mundial, resultando na morte de mais de um milhão de pessoas. Esse genocídio foi cometido por qual país? Império Otomano
42%
Ao final da Primeira Guerra Mundial, instalou-se na Alemanha uma Assembleia Nacional que se reuniu em Weimar para preparar uma nova Constituição para o país. Nascia ali um novo Estado, chamado de? República de Weimar
36%
Em 1917, a Rússia abandonou a guerra devido a que acontecimento? Revolução socialista
10%
Uma das maiores batalhas da Primeira Guerra Mundial foi travada em? Verdum
10%
Nenhum quiz correspondente encontrado
Distribuição das Pontuações
Porcentagem de Pessoas com Cada Pontuação
Percentil de Números Respondidos
Sua Pontuação Histórica
Você não jogou esse quiz